[Event "Catalunya-chT Gp1"]
[Site "Barcelona"]
[Date "2024.01.20"]
[Round "1.10"]
[White "Jareno Badenas, Aleix"]
[Black "Escudero Ribo, Eloi"]
[Result "1/2-1/2"]
[WhiteElo "2122"]
[BlackElo "1849"]
[PlyCount "79"]
[EventDate "2024.01.20"]
[EventType "team-tourn"]
[EventRounds "7"]
[EventCountry "ESP"]
[SourceTitle "CB06_2024"]
[SourceDate "2024.02.07"]
[SourceVersion "1"]
[SourceVersionDate "2024.02.07"]
[SourceQuality "1"]
[WhiteTeam "Colon Sabadell"]
[BlackTeam "Tres Peons"]
[WhiteTeamCountry "ESP"]
[BlackTeamCountry "ESP"]

1. Nf3 Nf6 2. g3 g6 3. Bg2 Bg7 4. 0-0 0-0 5. d3 d5 6. Nbd2 Nc6 7. e4 e5 8. c3 a5 9. Qa4 dxe4 10. dxe4 Bd7 11. Qc2 a4 12. Rd1 Qe7 13. Nc4 Rfd8 14. Bg5 h6 15. Bxf6 Bxf6 16. Ne3 Be6 17. Rxd8+ Nxd8 18. Nd5 Bxd5 19. exd5 c6 20. c4 Qc5 21. Qe4 Qb4 22. Nxe5 cxd5 23. Nd3 dxe4 24. Nxb4 Bxb2 25. Rb1 a3 26. Bxe4 Ra4 27. Rd1 Ne6 28. Nd3 Rxc4 29. Bxb7 Nc5 30. Nxc5 Rxc5 31. Rd2 Kg7 32. Bd5 Bc1 33. Rd3 Bb2 34. Bb3 Rc7 35. Kf1 Re7 36. Rd6 Be5 37. Rc6 Bb2 38. Rd6 Be5 39. Rc6 Bb2 40. Rd6 1/2-1/2

[Event "Wch U14"]
[Site "Montesilvano"]
[Date "2023.11.16"]
[Round "4"]
[White "Escudero Ribo, Eloi"]
[Black "Matyassy, Lazar"]
[Result "1/2-1/2"]
[WhiteElo "1929"]
[BlackElo "2281"]
[PlyCount "110"]
[EventDate "2023.11.13"]
[EventType "swiss"]
[EventRounds "11"]
[EventCountry "ITA"]
[SourceTitle "CB48_2023"]
[SourceDate "2023.11.29"]
[SourceVersion "1"]
[SourceVersionDate "2023.11.29"]
[SourceQuality "1"]

1. d4 Nf6 2. Bg5 d5 3. Bxf6 gxf6 4. e3 c5 5. dxc5 e6 6. Nc3 Bxc5 7. Nf3 f5 8. Qd2 Nc6 9. 0-0-0 Bd7 10. Ne2 Qc7 11. Qc3 Nb4 12. Kb1 Rg8 13. Nf4 Bd6 14. Nh5 Qxc3 15. bxc3 Nc6 16. Nf6+ Ke7 17. Nxg8+ Rxg8 18. g3 Rc8 19. Nd4 Ne5 20. h3 Rxc3 21. Nb5 Bxb5 22. Bxb5 a6 23. Be2 Rc6 24. c3 Rxc3 25. Rc1 Ra3 26. Kb2 Ra5 27. Rc3 Nd7 28. f4 Nc5 29. Rc2 Ne4 30. g4 Ra3 31. Rc7+ Kf6 32. Rxb7 Rxe3 33. Bxa6 Bxf4 34. Rb3 Be5+ 35. Kc2 Nc3 36. gxf5 exf5 37. Bd3 Nxa2 38. Rb6+ Ke7 39. Bxf5 h5 40. Rb7+ Kf6 41. Rf1 Kg5 42. Rxf7 Nb4+ 43. Kd2 Rg3 44. Be6 Rg2+ 45. R1f2 Rxf2+ 46. Rxf2 Bd6 47. Kc3 Kh4 48. Rf5 Bc5 49. Bxd5 Nxd5+ 50. Rxd5 Bf2 51. Rd3 Bg3 52. Rd5 Kxh3 53. Rxh5+ Kg2 54. Rg5 Kh2 55. Rxg3 Kxg3 1/2-1/2

[Event "ESP-ch U14 rapid"]
[Site "Salobrena"]
[Date "2023.07.23"]
[Round "6"]
[White "Escudero Ribo, Eloi"]
[Black "Miro Garcia, Julia"]
[Result "1/2-1/2"]
[WhiteElo "1701"]
[BlackElo "1526"]
[PlyCount "99"]
[EventDate "2023.07.22"]
[EventType "swiss (rapid)"]
[EventRounds "9"]
[EventCountry "ESP"]
[SourceTitle "EXT 2024"]
[Source "ChessBase"]
[SourceDate "2023.10.10"]
[SourceVersion "1"]
[SourceVersionDate "2023.10.10"]
[SourceQuality "1"]

1. d4 d5 2. c4 dxc4 3. e4 e5 4. Nf3 exd4 5. Bxc4 c5 6. Ne5 Be6 7. Bxe6 fxe6 8. Qh5+ g6 9. Nxg6 hxg6 10. Qxh8 Ne7 11. Bh6 Kf7 12. Qxf8+ Qxf8 13. Bxf8 Kxf8 14. Nd2 Nbc6 15. a3 a6 16. 0-0 b5 17. a4 Rb8 18. axb5 axb5 19. Ra6 c4 20. Rfa1 Kf7 21. Kf1 d3 22. Rc1 Nd4 23. Ra7 Kf8 24. Nf3 Nec6 25. Rc7 Nxf3 26. Rxc6 Nd4 27. Rd6 Nb3 28. Rd1 Ke7 29. Ra6 Nc5 30. Ra7+ Kf6 31. f3 b4 32. Rc7 Rb5 33. Ke1 c3 34. bxc3 bxc3 35. Rxd3 Nxd3+ 36. Ke2 Nc5 37. Kd1 Ra5 38. Kc2 Na4 39. Rc4 Ra7 40. h4 Ke5 41. g3 Kf6 42. f4 Ra5 43. g4 Ra7 44. h5 gxh5 45. gxh5 Kg7 46. f5 exf5 47. exf5 Rf7 48. Rxa4 Rxf5 49. h6+ Kxh6 50. Kxc3 1/2-1/2

[Event "ESP-ch U14 rapid"]
[Site "Salobrena"]
[Date "2023.07.22"]
[Round "1"]
[White "Pleguezuelos Monserrat, Hector"]
[Black "Escudero Ribo, Eloi"]
[Result "1/2-1/2"]
[WhiteElo "1252"]
[BlackElo "1701"]
[PlyCount "61"]
[EventDate "2023.07.22"]
[EventType "swiss (rapid)"]
[EventRounds "9"]
[EventCountry "ESP"]
[SourceTitle "EXT 2024"]
[Source "ChessBase"]
[SourceDate "2023.10.10"]
[SourceVersion "1"]
[SourceVersionDate "2023.10.10"]
[SourceQuality "1"]

1. d4 Nf6 2. Bf4 g6 3. e3 Bg7 4. Nf3 c5 5. c3 0-0 6. Be2 d5 7. Nbd2 Nc6 8. h3 cxd4 9. exd4 Bf5 10. 0-0 Rc8 11. Re1 Ne4 12. Nxe4 dxe4 13. Nd2 e5 14. dxe5 Nxe5 15. Nb3 Nd3 16. Bxd3 exd3 17. Qd2 Qd7 18. Kh2 Rfd8 19. Bg5 Re8 20. Rxe8+ Rxe8 21. Re1 Be5+ 22. Kg1 f6 23. Be3 Bxh3 24. gxh3 Qxh3 25. f4 Qg3+ 26. Kf1 Qf3+ 27. Kg1 Qg3+ 28. Kf1 Qf3+ 29. Kg1 Qg3+ 30. Kf1 Qf3+ 31. Kg1 1/2-1/2

[Event "ESP-ch U14"]
[Site "Salobrena"]
[Date "2023.07.20"]
[Round "6"]
[White "Feal Albala, Alonso"]
[Black "Escudero Ribo, Eloi"]
[Result "1-0"]
[WhiteElo "2017"]
[BlackElo "1625"]
[PlyCount "51"]
[EventDate "2023.07.17"]
[EventType "swiss"]
[EventRounds "9"]
[EventCountry "ESP"]
[SourceTitle "EXT 2024"]
[Source "ChessBase"]
[SourceDate "2023.10.10"]
[SourceVersion "1"]
[SourceVersionDate "2023.10.10"]
[SourceQuality "1"]

1. e4 c6 2. d4 d5 3. exd5 cxd5 4. Bd3 Nc6 5. c3 Nf6 6. Bf4 Bg4 7. Qb3 Qd7 8. Nd2 e6 9. Ngf3 Bd6 10. Bxd6 Qxd6 11. 0-0 0-0 12. Rae1 Ne7 13. Ne5 Bf5 14. Bxf5 Nxf5 15. f4 b6 16. Qd1 b5 17. Rf3 g6 18. Qe2 b4 19. Qf2 bxc3 20. bxc3 Kg7 21. g4 Ne7 22. Kh1 Nd7 23. f5 exf5 24. gxf5 Nxf5 25. Rxf5 gxf5 26. Qg3+ 1-0

[Event "ESP-ch U14"]
[Site "Salobrena"]
[Date "2023.07.18"]
[Round "3"]
[White "Escudero Ribo, Eloi"]
[Black "Bethencourt Hernandez, Alberto"]
[Result "1-0"]
[WhiteElo "1625"]
[BlackElo "1954"]
[PlyCount "87"]
[EventDate "2023.07.17"]
[EventType "swiss"]
[EventRounds "9"]
[EventCountry "ESP"]
[SourceTitle "EXT 2024"]
[Source "ChessBase"]
[SourceDate "2023.10.10"]
[SourceVersion "1"]
[SourceVersionDate "2023.10.10"]
[SourceQuality "1"]

1. d4 g6 2. e4 Bg7 3. Nc3 d6 4. Bg5 a6 5. Qd2 b5 6. Nf3 Nd7 7. Be2 Bb7 8. a3 c5 9. d5 Ngf6 10. Qd3 0-0 11. 0-0 h6 12. Bf4 c4 13. Qe3 g5 14. Bg3 Nh5 15. Nd4 Nxg3 16. hxg3 Bf6 17. Nf5 Kh7 18. Qf3 Rg8 19. Qh5 Qf8 20. Kh2 g4 21. f4 e6 22. Ne3 Bxc3 23. bxc3 Nf6 24. Qh4 Qg7 25. dxe6 Bxe4 26. exf7 Qxf7 27. Nxg4 Nxg4+ 28. Bxg4 Bxc2 29. Bh5 Bg6 30. Bxg6+ Rxg6 31. f5 Rg5 32. Qe4 Re8 33. Qf3 Rf8 34. Qe4 d5 35. Qc2 Qh5+ 36. Kg1 Rxg3 37. Rae1 Rd3 38. Re7+ Rf7 39. f6 Kg8 40. Re8+ Rf8 41. f7+ Kg7 42. Qf2 Qg5 43. Rxf8 Kxf8 44. Qc5+ 1-0

[Event "Vallfogona de Balaguer Farre Mem 2nd"]
[Site "Vallfogona de Balaguer"]
[Date "2023.04.22"]
[Round "2"]
[White "Luke Brezmes, Cristofer"]
[Black "Escudero Ribo, Eloi"]
[Result "1-0"]
[WhiteElo "2095"]
[BlackElo "1736"]
[PlyCount "51"]
[EventDate "2023.04.15"]
[EventType "swiss"]
[EventRounds "8"]
[EventCountry "ESP"]
[SourceTitle "EXT 2024"]
[Source "ChessBase"]
[SourceDate "2023.10.10"]
[SourceVersion "1"]
[SourceVersionDate "2023.10.10"]
[SourceQuality "1"]

1. e4 c5 2. Nc3 Nc6 3. f4 g6 4. Nf3 Bg7 5. a4 e6 6. e5 a6 7. Ne4 Bf8 8. Bc4 d5 9. exd6 Bxd6 10. Nxd6+ Qxd6 11. 0-0 Nf6 12. b3 0-0 13. Bb2 Nh5 14. Ne5 b6 15. Be2 Nxe5 16. fxe5 Qd7 17. Bxh5 gxh5 18. Qxh5 Bb7 19. Qg5+ Kh8 20. Qf6+ Kg8 21. Rf4 Rfd8 22. Raf1 Bxg2 23. Rg4+ Kf8 24. Qg7+ Ke8 25. Qg8+ Ke7 26. Rxf7# 1-0

[Event "Sitges Sunway op 9th"]
[Site "Sitges"]
[Date "2022.12.14"]
[Round "3"]
[White "Webb, Laurence"]
[Black "Escudero Ribo, Eloi"]
[Result "1-0"]
[WhiteElo "2201"]
[BlackElo "1626"]
[PlyCount "85"]
[EventDate "2022.12.12"]
[EventType "swiss"]
[EventRounds "10"]
[EventCountry "ESP"]
[SourceTitle "CBM 211 Extra"]
[Source "ChessBase"]
[SourceDate "2023.01.31"]
[SourceVersion "1"]
[SourceVersionDate "2023.01.31"]
[SourceQuality "1"]

1. d4 Nf6 2. c4 g6 3. Nc3 d5 4. cxd5 Nxd5 5. Bd2 Bg7 6. e4 Nxc3 7. Bxc3 0-0 8. Qd2 Nd7 9. Rd1 b6 10. Nf3 Bb7 11. Bd3 e6 12. 0-0 a5 13. Rfe1 Re8 14. h3 c5 15. Qf4 Qe7 16. h4 h6 17. a3 b5 18. Qd2 Qd8 19. b4 axb4 20. axb4 Qe7 21. Ra1 Nb6 22. Bc2 Red8 23. Qe3 Nc4 24. Qe2 Bf8 25. Bb3 Nb6 26. g3 Qe8 27. Qb2 Rxa1 28. Rxa1 Ra8 29. Ne5 Rxa1+ 30. Qxa1 Qa8 31. Qxa8 Bxa8 32. Nd3 Bb7 33. Kf1 Be7 34. Ke2 Kf8 35. Bd2 h5 36. Bg5 Ba6 37. Bxe7+ Kxe7 38. Nxc5 Bc8 39. Ke3 Nd7 40. Nd3 Nb6 41. Kf4 Nd7 42. f3 Nf6 43. e5 1-0

[Event "Lleida Region-ch"]
[Site "Lleida"]
[Date "2021.10.10"]
[Round "2"]
[White "Escudero Ribo, Eloi"]
[Black "Rodriguez Moles, Julian"]
[Result "0-1"]
[WhiteElo "1244"]
[BlackElo "1849"]
[PlyCount "26"]
[EventDate "2021.10.03"]
[EventType "swiss"]
[EventRounds "8"]
[EventCountry "ESP"]
[SourceTitle "EXT 2023"]
[Source "ChessBase"]
[SourceDate "2022.10.05"]
[SourceVersion "1"]
[SourceVersionDate "2022.10.05"]
[SourceQuality "1"]

1. d4 Nf6 2. Bg5 Nc6 3. Bxf6 exf6 4. e4 d5 5. exd5 Qxd5 6. c3 Bd6 7. Nd2 0-0 8. Ngf3 Re8+ 9. Be2 Qb5 10. Rb1 Bf5 11. c4 Qa6 12. Ra1 Bd3 13. Ng1 Nxd4 0-1